000 00715nam a2200241Ia 4500
003 GCL
008 140319s9999 xx 000 0 ara d
040 _aGCL /
_cGCL
082 0 4 _a962.32
_bس ق
100 1 _aسعاد ماهر محمد
245 1 0 _aالقاهرة القديمة واحياؤها /
_cسعاد ماهر محمد
260 _a[S.N] :
_bوزارة الثقافة والارشاد القومى ،
_c1962
300 _a136 ص
490 _a
650 0 4 _aالعصر الحديث
650 0 4 _aمصر
650 0 4 _aتاريخ
650 0 4 _aالاثار الاسلامية
650 0 4 _aالعمارة
650 0 4 _aالعصر الحجرى
650 0 4 _aالقاهرة
942 _2ddc
_cBK
999 _c58430
_d58430